Sefer Ha-Kabbalah (Record no. 183942)

MARC details
000 -LEADER
campo de control de longitud fija 00907nam a2200277 i 4500
001 - NÚMERO DE CONTROL
campo de control 183942
003 - IDENTIFICADOR DE NÚMERO DE CONTROL
campo de control ES-MaACL
005 - FECHA Y HORA DE LA ÚLTIMA TRANSACCIÓN
campo de control 20260124063016.0
008 - DATOS DE LONGITUD FIJA--INFORMACIÓN GENERAL
campo de control de longitud fija 141205s1972 sp h |||| | spa d
080 ## - NÚMERO DE LA CLASIFICACIÓN DECIMAL UNIVERSAL
Número de la Clasificación Decimal Universal 296(091)
080 ## - NÚMERO DE LA CLASIFICACIÓN DECIMAL UNIVERSAL
Número de la Clasificación Decimal Universal 9(=924:46)
100 1# - ENTRADA PRINCIPAL--NOMBRE DE PERSONA
Nombre de persona Ibn Daud, Abraham ben David,
Títulos y otros términos asociados al nombre Halevi
9 (RLIN) 65008
245 10 - MENCIÓN DEL TÍTULO
Título Sefer Ha-Kabbalah
Resto del título : (Libro de la Tradición) /
Mención de responsabilidad, etc. Abraham ben David ; traducción por Jaime Bages.
250 ## - MENCION DE EDICION
Mención de edición Reprod. facsímil.
260 ## - PUBLICACIÓN, DISTRIBUCIÓN, ETC.
Lugar de publicación, distribución, etc. Valencia :
Nombre del editor, distribuidor, etc. Anubar,
Fecha de publicación, distribución, etc. 1972.
300 ## - DESCRIPCIÓN FÍSICA
Extensión 96 p. ;
Dimensiones 22 cm.
490 1# - MENCIÓN DE SERIE
Mención de serie Textos medievales ;
Designación de volumen o secuencia 31
500 ## - NOTA GENERAL
Nota general Índices.
504 ## - NOTA DE BIBLIOGRAFÍA, ETC.
Nota de bibliografía, etc. Bibliografía: p. [76]
650 #7 - PUNTO DE ACCESO ADICIONAL DE MATERIA--TÉRMINO DE MATERIA
Término de materia o nombre geográfico como elemento de entrada Judaísmo-
Subdivisión general Historia.
9 (RLIN) 13968
650 #7 - PUNTO DE ACCESO ADICIONAL DE MATERIA--TÉRMINO DE MATERIA
Término de materia o nombre geográfico como elemento de entrada Judíos-
Subdivisión geográfica España-
Subdivisión general Historia.
9 (RLIN) 13985
700 1# - ENTRADA AGREGADA--NOMBRE PERSONAL
Nombre de persona Bages Tarrida, Jaime.
9 (RLIN) 24634
830 0# - PUNTO DE ACCESO ADICIONAL DE SERIE-TÍTULO UNIFORME
Título uniforme Textos medievales ;
Designación de volumen o secuencia 31
9 (RLIN) 179970
852 ## - LOCALIZACIÓN
Ubicación ES-MaACL
Número de control de estantería E-15444
Nota libre - Enc. tela
Holdings
Estatus retirado Estado de pérdida Estado de daño No para préstamo Biblioteca de origen Biblioteca actual Ubicación en estantería Fecha de adquisición Fuente de adquisición Total de préstamos Signatura topográfica completa Código de barras Visto por última vez Precio de reemplazo Tipo de ítem Koha
        Biblioteca del Ateneo de Madrid Biblioteca del Ateneo de Madrid Depósito 2 05/12/2014     E-15444 1193424 23/02/2023 23/02/2023 Libro impreso